=LDR 00000nam 2200000 4500 =001 INLIS000000000048452 =005 20161103092454.0 =006 =007 =008 =020 ##$$a 978-602-9055-34-4 =035 ##$$0010-111600000000031 =040 ##$$a NBPDMAT =082 ##$$a 899.221 3 =090 ##$$a 899.221 3$bAsm c =100 ##$$a Asma Nadia =245 ##$$a Cinta di ujung sejadah $b Pada sejadah yang terbuka kusempurnakan cinta $c / Asma Nadia =250 ##$$a Cet, 5 =260 ##$$a Jakarta $b Asma Nadia Publishing House $c 2015 =300 ##$$a viii, 312 hlm. : $b ilus. ; $c 20 cm =500 ##$$a Biografi hlm. : 309 - 311 =650 ##$$a Fiksi Indonesia =850 ##$$a NBPDMAT =990 ##$$a 51600203